00698nam a2200241 a 4500001001300000003000900013005001700022008004100039020000800080082001700088100002300105245004900128260004300177300000900220500003500229505001000264650001600274700002300290902000800313942000700321952011300328999001500441nice12345678IN_TiNIC20260116011534.0050524s1969 luca grp 000 0 eng  ac500a340.59bKHA2 aKhan, Shams Tabrez aMuslim Personal Law Awr Islam Ka Aaili Nizam aLucknowbMajlis Tahqiqat-E-Islamc1969 a263p aincludes index and biblioraphy2 aIndex aIslamic-Law1 aKhan, Shams Tabrez bSRS cBK 001040708StackRoom-aHMIbHMId2007-07-31g5.00l0o340.59 KHA2p03877r2007-07-31v5.00w2005-05-24yBK c2436d2436